logo

Bir Sreshtho Munshi Abdur Rouf Library
Jhenaidah Cadet College

The teaching of arithmetic in tropical primary schools / (Record no. 6005)

MARC details
000 -LEADER
fixed length control field 00796nam a22002412a 4500
003 - CONTROL NUMBER IDENTIFIER
JCCL marc code BD-JhCC
005 - DATE AND TIME OF LATEST TRANSACTION
control field 20171231175654.0
008 - FIXED-LENGTH DATA ELEMENTS--GENERAL INFORMATION
fixed length control field 500101r19581966enkao 000 0 eng d
035 ## - SYSTEM CONTROL NUMBER
system control number (BD-JhCC)
040 ## - CATALOGING SOURCE
Original cataloging agency SOI
Transcribing agency SOI
Modifying agency UKM
-- EQO
-- BD-JhCC
041 ## - LANGUAGE CODE
Language code of Book eng
082 ## - DEWEY DECIMAL CLASSIFICATION NUMBER
Classification number 372.72044
Author mark and Year DOW 1966
100 1# - MAIN ENTRY--PERSONAL NAME
Personal name Downes, Leonard William.
245 14 - TITLE STATEMENT
Title The teaching of arithmetic in tropical primary schools /
Statement of responsibility, etc by L. W. Downes and D. Paling
260 ## - PUBLICATION, DISTRIBUTION, ETC. (IMPRINT)
Place of publication, distribution, etc London :
Name of publisher, distributor, etc Oxford Univ. Press,
Date of publication, distribution, etc 1966
300 ## - PHYSICAL DESCRIPTION
Pagination 500 p.
Other physical details ill. ;
Dimensions 22 cm
500 ## - GENERAL NOTE
General note Includes illustration
504 ## - BIBLIOGRAPHY, ETC. NOTE
Bibliography, etc Bibliography: p. [490]-492
650 #0 - SUBJECT ADDED ENTRY--TOPICAL TERM
Topical term or geographic name as entry element Arithmetic
General subdivision Study and teaching (Primary)
700 1# - ADDED ENTRY--PERSONAL NAME
Personal name Paling, D.
830 #0 - SERIES ADDED ENTRY--UNIFORM TITLE
Uniform title UNESCO handbooks on the teaching of science in tropical countries ;
Volume number/sequential designation v. 5
942 ## - ADDED ENTRY ELEMENTS (KOHA)
Source of classification or shelving scheme Dewey Decimal Classification
Koha item type Books
Holdings
Source of classification or shelving scheme Damaged status Not for loan Home library Current library Shelving location Date of accession Total Checkouts Full call number Barcode Date last seen Copy number Koha item type
Dewey Decimal Classification     JCC Rouf Library JCC Rouf Library General Stacks 12/31/2017   372.72044 DOW 1966 908 12/31/2017 C-1 Books

JCC Library | Contacts | JCC Home

Last Update on 23 September 2017
Copyright @ 2017-2020 JCC Rouf Library
Rouf Library, Jhenidah Cadet College (JCC), Bangladesh